000 01896nam0a2200361 4500
001 RU\NLR\BIBL_A\022333293
005 20260420014933.0
010 _a978-5-238-03887-2
_9500
021 _aRU
_bКН-П-24-047543
_9КН-П-24-4729
035 _a(NLR Aleph) 022333293
090 _a13665632
_c13665632
100 _a20240926d2024 u y0rusy50 ca
101 0 _arus
_aspa
102 _aRU
105 _aab||j|||000yy
181 0 _ai
_baxxe
182 0 _an
200 1 _aИспанский язык для юристов
_dCurso de español para juristas
_iОсновные понятия
_eучебное пособие для студентов высших учебных заведений, обучающихся по специальностям "Юриспруденция", "Правоохранительная деятельность", "Лингвистика", "Перевод и переводоведение"
_fЕ. В. Зверева
_g[РУДН]
_zspa
203 _aТекст
_bвизуальный
_cнепосредственный
210 _aМосква
_cЮНИТИ
_d2024
215 _a374 с.
_cил., карта, табл.
_d22
300 _aАвт. также на исп. яз.: E. V. Zvereva
300 _aВ вып. дан. авт.: Зверева Е. В., канд. филол. наук, доц.
320 _aБиблиогр.: с. 173-175 (61 назв.)
510 1 _6z77790
_aCurso de español para juristas
_zspa
606 1 _aИспанский язык
_xУчебные издания для юристов
_92411656
_3RU\NLR\AUTH\661436856
686 1 _aШ147.21-93рус329.4
700 1 _aЗверева
_bЕ. В.
_gЕкатерина Владиславовна
790 1 _6z77510
_aZvereva
_bE. V.
_gEkaterina Vladislavovna
942 _cBOOK
980 _aNB